000 00581nam a2200229Ia 4500
003 OSt
005 20221005125129.0
006 a|||||r|||| 00| 0
007 ta
008 221004b |||||||| |||| 00| 0 eng d
024 _a65839
037 _cTextual
040 _aCRL
_cCRL
_beng
041 _2eng
_aeng
082 _aV591:1:N2, K5
100 _aVucinich Wayne S
_9636208
245 0 _aOttoman empire
_b Its record and legacy
260 _c1965
650 _aHISTORY
942 _hV591:1:N2, K5
_cTEXL
_2cc
999 _c1053052
_d1053052